Tilastot visalle Suomen valtion virastot

Klikkaa tästä pelataksesi tätä visaa!

Yleistilastot

  • Tätä visaa on pelattu 29 kertaa
  • Keskiarvotulos 17 / 64

Vastaustilastot

Vastaus% Oikein
Sisäministeriö
71%
Kansallisarkisto
67%
Valtiovarainministeriö
62%
Eduskunta
57%
Liikenne- ja viestintävirasto Traficom
57%
Ulkoministeriö
57%
Maa- ja metsätalousministeriö
52%
Sosiaali- ja terveysministeriö
52%
Puolustusministeriö
48%
Puolustusvoimat
48%
Työ- ja elinkeinoministeriö
48%
Verohallinto
48%
Ympäristöministeriö
48%
Aluehallintovirastot eli AVI:t
43%
Maahanmuuttovirasto Migri
43%
Oikeusministeriö
43%
Opetus- ja kulttuuriministeriö
43%
Ruokavirasto
43%
Sosiaali- ja terveysalan lupa- ja valvontavirasto Valvira
43%
Digi- ja väestötietovirasto DVV
33%
Rajavartiolaitos
33%
Valtioneuvoston kanslia
33%
Väylävirasto
33%
ELY-keskusten ja TE-toimistojen kehittämis- ja hallintokeskus
29%
Liikenne- ja viestintäministeriö
29%
Maanmittauslaitos
29%
Poliisihallitus
29%
Suomen Akatemia
24%
Tulli
24%
Valtiokonttori
24%
Ilmatieteen laitos
19%
Luonnonvarakeskus LUKE
19%
Museovirasto
19%
Rikosseuraamuslaitos RISE
19%
Säteilyturvakeskus
19%
Ulosottolaitos
19%
Valtiontalouden tarkastusvirasto VTV
19%
Valtion talous- ja henkilöstöhallinnon palvelukeskus Palkeet
19%
Valtion tieto- ja viestintätekniikkakeskus Valtori
19%
Energiavirasto
14%
Hätäkeskuslaitos
14%
Innovaatiorahoituskeskus Business Finland
14%
Lääkealan turvallisuus- ja kehittämiskeskus Fimea
14%
Opetushallitus
14%
Suojelupoliisi
14%
Suomen ympäristökeskus SYKE
14%
Terveyden ja hyvinvoinnin laitos THL
14%
Tuomioistuinlaitos
14%
Turvallisuus- ja kemikaalivirasto TUKES
14%
Ahvenanmaan valtionvirasto
10%
Asumisen rahoitus- ja kehittämiskeskus ARA
10%
Geologian tutkimuskeskus
10%
Kilpailu- ja kuluttajavirasto
10%
Oikeusrekisterikeskus
10%
Pelastusopisto
10%
Rahoitusvakausvirasto
10%
Sosiaaliturva-asioiden muutoksenhakulautakunta SAMU
10%
Suomenlinnan hoitokunta
10%
Syyttäjälaitos
10%
Tasavallan presidentin kanslia
10%
Tilastokeskus
10%
Ulkopoliittinen instituutti UPI
10%
Valtion taloudellinen tutkimuskeskus
10%
Patentti- ja rekisterihallitus PRH
5%

Tulosjakauma

Persentiili vastausten määrän mukaan

Jokaisen tuloksen saaneiden osuus

Tuloshistoriasi

Et ole pelannut tätä visaa